00293nam a2200121Ia 4500008004100000041000900041082001800050100002500068245002600093260003600119300000800155650000800163230718s9999 xx 000 0 und d aEng. a346.44bMAL-M aMalik, Amna Bakhtour 0aManual of Family Cons aPakistanbPayab (cow backc2013 a812 aLaw